000 00443nam a2200157Ia 4500
008 240729s9999 xx 000 0 und d
022 _a2676-1327
245 0 _aJournal of Karnali Academy of Health Sciences
260 _aNepal
260 _bKarnali Academy of Health Sciences
650 _a Medicine (General)
650 _aMedicine
856 _uhttps://doaj.org/toc/7455213a21354eca99c612bbd3bf20be
942 _2ddc
942 _cDOAJEJ
999 _c73387
_d73387
945 _a1
_bMadushi Gamage
_c1
_dMadushi Gamage